000 00615nam a2200205Ia 4500
003 GCL
008 140319s9999 xx 000 0 ara d
040 _aGCL /
_cGCL
082 0 4 _a953
_bك م
100 1 _aمحمد فتحى عثمان
245 1 0 _aالمسلمون فى تاريخ الحضارة /
_cمحمد فتحى عثمان
700 1 _aكب , ستانوود
300 _a136 ص
490 _a
650 0 4 _aالتاريخ الاسلامى
650 0 4 _aالعلوم عند العرب
650 0 4 _aالحضارة الاسلامية
650 0 4 _aالعرب فى الاندلس
942 _2ddc
_cBK
999 _c46149
_d46149